000 00584nam a22001697a 4500
005 20260311103326.0
008 260311b |||||||| |||| 00| 0 eng d
020 _a9789347806179
040 _cVITAP
082 _223
_a054.54 NAM
100 _aNambath, Suresh Ed.
_917180
245 _aThe Hindu Year Book 2026
_c/ Suresh Nambath Ed.
260 _aChennai
_bTHG Publishing Pvt. Ltd.
_c2026
300 _a495p, ; ill. : 23cm
650 0 _aNational Affairs (India), International Affairs, Economy & Commerce, Science & Technology, Environment & Climate etc.
_917181
942 _2ddc
_cREF
999 _c47325
_d47325